Nhất Linh trong tiến trình hiện đại hóa văn học

Tập hợp các bài nghiên cứu về cuộc đời, sự nghiệp văn học của Nhất Linh và nhóm Tự lực văn đoàn trong tiến trình hiện đại hoá văn học Việt Nam.

Đã lưu trong:
Chi tiết thư mục
Tác giả chính: Vu Gia
Định dạng: Sách
Năm xuất bản: H. Văn hóa 1995
Chủ đề:
Tags: Thêm thẻ
Không có thẻ, Hãy là người đầu tiên gắn thẻ bản ghi này!
LEADER 01385nam a2200217 4500
082 |a 895.9228  |b V500Gi 
100 |a Vu Gia 
245 |a Nhất Linh trong tiến trình hiện đại hóa văn học  |c Vu Gia 
260 |a H.  |b Văn hóa  |c 1995 
300 |a 454 tr.  |c 19 cm 
520 |a Tập hợp các bài nghiên cứu về cuộc đời, sự nghiệp văn học của Nhất Linh và nhóm Tự lực văn đoàn trong tiến trình hiện đại hoá văn học Việt Nam. 
653 |a Văn học  
653 |a Việt Nam 
653 |a Tạp văn 
942 |2 ddc  |c STK0 
999 |c 2344  |d 2344 
952 |0 0  |1 0  |2 ddc  |4 0  |6 895_922800000000000_V500GI  |7 1  |8 800  |9 31117  |a qbu  |b qbu  |c D5  |d 2014-12-13  |g 30000  |o 895.9228 V500Gi  |p 3769.c1  |r 0000-00-00  |w 2014-12-13  |y STK0 
952 |0 0  |1 0  |2 ddc  |4 0  |6 895_922800000000000_V500GI  |7 0  |8 800  |9 31118  |a qbu  |b qbu  |c D5  |d 2014-12-13  |g 30000  |o 895.9228 V500Gi  |p 3769.c2  |r 0000-00-00  |w 2014-12-13  |y STK0 
952 |0 0  |1 0  |2 ddc  |4 0  |6 895_922800000000000_V500GI  |7 0  |8 800  |9 31119  |a qbu  |b qbu  |c D5  |d 2014-12-13  |g 30000  |o 895.9228 V500Gi  |p 3769.c3  |r 2015-10-28  |w 2014-12-13  |y STK0 
952 |0 0  |1 0  |2 ddc  |4 0  |6 895_922800000000000_V500GI  |7 0  |8 800  |9 31120  |a qbu  |b qbu  |c D5  |d 2014-12-13  |g 30000  |o 895.9228 V500Gi  |p 3769.c4  |r 0000-00-00  |w 2014-12-13  |y STK0 
952 |0 0  |1 0  |2 ddc  |4 0  |6 895_922800000000000_V500GI  |7 0  |8 800  |9 31121  |a qbu  |b qbu  |c D5  |d 2014-12-13  |g 30000  |o 895.9228 V500Gi  |p 3769.c5  |r 0000-00-00  |w 2014-12-13  |y STK0